Maths - Cubes of Numbers 11 to 50 - Statistics

General Stats
  • This quiz has been taken 20 times
  • The average score is 15 of 36
Answer Stats
x % Correct
49 117649
75%
11 1331
75%
15 3375
75%
22 10648
50%
48 110592
50%
25 15625
50%
12 1728
50%
13 2197
50%
29 24389
50%
14 2744
50%
32 32768
50%
34 39304
50%
16 4096
50%
36 46656
50%
38 54872
50%
39 59319
50%
43 79507
50%
21 9261
50%
46 97336
50%
47 103823
25%
23 12167
25%
24 13824
25%
26 17576
25%
27 19683
25%
28 21952
25%
31 29791
25%
33 35937
25%
35 42875
25%
17 4913
25%
37 50653
25%
18 5832
25%
19 6859
25%
41 68921
25%
42 74088
25%
44 85184
25%
45 91125
25%
No matching quizzes found
Score Distribution
Percent of People with Each Score
Percentile by Number Answered
Your Score History
You have not taken this quiz